Sentencing : (Record no. 3500)

MARC details
000 -LEADER
fixed length control field 01330cam a2200373 a 4500
001 - CONTROL NUMBER
control field 13933175
003 - CONTROL NUMBER IDENTIFIER
control field OSt
005 - DATE AND TIME OF LATEST TRANSACTION
control field 20230703161830.0
008 - FIXED-LENGTH DATA ELEMENTS--GENERAL INFORMATION
fixed length control field 050418s1996 enk 001 0 eng d
010 ## - LIBRARY OF CONGRESS CONTROL NUMBER
LC control number 2005274130
015 ## - NATIONAL BIBLIOGRAPHY NUMBER
National bibliography number GB97-6335
020 ## - INTERNATIONAL STANDARD BOOK NUMBER
International Standard Book Number 0406063257
035 ## - SYSTEM CONTROL NUMBER
System control number (OCoLC)ocm34706178
040 ## - CATALOGING SOURCE
Original cataloging agency ESU
Transcribing agency ESU
Modifying agency UKM
-- LUI
-- DLC
042 ## - AUTHENTICATION CODE
Authentication code lccopycat
043 ## - GEOGRAPHIC AREA CODE
Geographic area code e-uk---
050 00 - LIBRARY OF CONGRESS CALL NUMBER
Classification number KD8406
Item number .W339 1996
082 04 - DEWEY DECIMAL CLASSIFICATION NUMBER
Classification number 345.420772
Edition number 21
Item number WAL
100 1# - MAIN ENTRY--PERSONAL NAME
Personal name Walker, Nigel.
245 10 - TITLE STATEMENT
Title Sentencing :
Remainder of title theory, law, and practice /
Statement of responsibility, etc. Nigel Walker and Nicola Padfield.
250 ## - EDITION STATEMENT
Edition statement 2nd ed.
260 ## - PUBLICATION, DISTRIBUTION, ETC. (IMPRINT)
Place of publication, distribution, etc. London ;
-- Charlottesville :
Name of publisher, distributor, etc. Butterworths,
Date of publication, distribution, etc. 1996.
300 ## - PHYSICAL DESCRIPTION
Extent lvii, 406 p. ;
Dimensions 24 cm.
504 ## - BIBLIOGRAPHY, ETC. NOTE
Bibliography, etc Includes bibliographical references (p. xxiii-xxxvii) and index.
650 #0 - SUBJECT ADDED ENTRY--TOPICAL TERM
Topical term or geographic name as entry element Sentences (Criminal procedure)
Geographic subdivision Great Britain.
650 #0 - SUBJECT ADDED ENTRY--TOPICAL TERM
Topical term or geographic name as entry element Prison sentences
Geographic subdivision Great Britain.
650 #0 - SUBJECT ADDED ENTRY--TOPICAL TERM
Topical term or geographic name as entry element Punishment
Geographic subdivision Great Britain.
700 1# - ADDED ENTRY--PERSONAL NAME
Personal name Padfield, Nicola.
856 42 - ELECTRONIC LOCATION AND ACCESS
Materials specified Publisher description
Uniform Resource Identifier <a href="http://www.loc.gov/catdir/enhancements/fy0639/2005274130-d.html">http://www.loc.gov/catdir/enhancements/fy0639/2005274130-d.html</a>
856 41 - ELECTRONIC LOCATION AND ACCESS
Materials specified Table of contents only
Uniform Resource Identifier <a href="http://www.loc.gov/catdir/enhancements/fy0639/2005274130-t.html">http://www.loc.gov/catdir/enhancements/fy0639/2005274130-t.html</a>
906 ## - LOCAL DATA ELEMENT F, LDF (RLIN)
a 7
b cbc
c copycat
d 2
e ncip
f 20
g y-gencatlg
942 ## - ADDED ENTRY ELEMENTS (KOHA)
Source of classification or shelving scheme Dewey Decimal Classification
Koha item type Books
Holdings
Withdrawn status Lost status Source of classification or shelving scheme Damaged status Not for loan Home library Current library Date acquired Total Checkouts Full call number Barcode Date last seen Price effective from Koha item type
    Dewey Decimal Classification     County Hall Archives County Hall Archives 07/03/2023   345.420772 WAL 10012764 07/03/2023 07/03/2023 Books
LIBRARY OPENING HOURS

When the Parliament is sitting: 8.00a.m - 7.00p.m or until the house adjourns
Mondays and Fridays and when the House is on Recess:  8.00a.m - 5.00p.m
Closed on Weekends and Public Holidays

Online Public Access Catalog (OPAC)
Website: http://www.parliament.go.ke
Bunge Library: https://libraryir.parliament.go.ke
Contact: library@parliament.go.ke | Tel no: (254-2)2221291 or 2848000 Ext 5043